|
|
|
|
| LEADER |
00000cam a2200000 a 4500 |
| 001 |
19881 |
| 005 |
20230308155406.0 |
| 008 |
954090|1954 ||||||||r|||||||||||spa|| |
| 040 |
|
|
|b spa
|
| 041 |
1 |
|
|a spa
|
| 082 |
0 |
|
|a 983
|
| 100 |
1 |
|
|a Espejo, Juan Luis
|9 11432
|
| 245 |
3 |
3 |
|a La Provincia de Cuyo del Reino de Chile
|c Juan Luis Espejo
|h imp
|n tomo 1
|
| 264 |
|
|
|a Santiago
|b Fondo histórico y bibliográfico José Toribio Medina
|c 1954
|
| 300 |
|
|
|a 363 páginas:
|c 19 cm
|
| 504 |
|
|
|a incl. ref.
|
| 650 |
1 |
|
|a Cuyo
|9 11433
|
| 650 |
1 |
|
|a Historia de chile
|9 7659
|
| 852 |
|
|
|a UC-CDJBV
|c TERCER PISO
|f Compra
|k margarita.gutierrez
|l 1
|m General
|p 19540909
|q 50,00
|r 2
|t 19881
|y 392289
|b 0
|d CDRC
|e CDRC
|g 983 TERCER PISO
|z 1954-40-90
|
| 942 |
|
|
|c BK
|
| 999 |
|
|
|c 5685
|d 5685
|